Σαντορίνη : Ακρωτήρι

Αποθηκεύτηκε σε:
Λεπτομέρειες βιβλιογραφικής εγγραφής
Κύριος συγγραφέας: Marinatos, Nanno
Μορφή: Βιβλίο
Γλώσσα:Greek
Δημοσίευση: Αθήνα : [Δ. & Ι. Μαθιουλάκης], [19--;].
Θέματα:
Ετικέτες: Προσθήκη ετικέτας
Δεν υπάρχουν, Καταχωρήστε ετικέτα πρώτοι!

MARC

LEADER 00000cam a2200000 i 4500
001 1/22737
008 060124q19701980gr | ||| |||| ||gre||
035 |l 10082226 
040 |a GR-MyUa  |b gre  |e AACR2  
041 0 |a gre 
082 7 |a 938.971   |2 (22) 
100 1 |a Marinatos, Nanno. 
245 1 0 |a Σαντορίνη :   |b Ακρωτήρι /   |c [Ναννώ Μαρινάτου].  
260 |a Αθήνα :   |b [Δ. & Ι. Μαθιουλάκης],   |c [19--;].  
300 |a 48 σ. :   |b εγχρ. εικ. ;   |c 24 εκ.  
500 |a Με έναν ειδικό οδηγό για το Ακρωτήρι.  
651 0 |a Santorini Island (Greece)   |x Description and travel  |v Guidebooks. 
651 0 |a Santorini Island (Greece)   |x Pictorial works. 
651 0 |a Santorini Island (Greece)  |x Antiquities. 
852 |a INST  |b RHODES  |c KRI  |e 20060124  |h  938.971 ΜΑΡ  |p 005400027499  |q 005400027499  |t REF  |y 23 
901 |a BIBL4-2006-1 
970 |a ΚΟΖΑ  |b ΜΑΡΙΑ  |z 2006/01/24